000 00406nam a2200169 a 4500
001 0000-8989
003 ELIB.Books
008 110520 1961
035 _a(ELIB.Books)0000-9138
082 _aFic
_bSte
100 _aStevenson, Robert Louis
245 _aTreasure Island
260 _bLondon: Collins
_c1961
650 _aFiction
942 _2ddc
_cBK
998 _cbat
_e2011-05-20
999 _c8989
_d8989